Produkty s podielom na zisku životnej poisťovne diplomová práca

Guardado en:
Detalles Bibliográficos
Autor principal: Konrádová, Adriána
Autor Corporativo: Fakulta hospodárskej informatiky EU. Katedra matematiky a aktuárstva
Otros Autores: Sakálová, Katarína, 1955-
Formato: Libro
Lenguaje:eslovaco
Publicado: Bratislava 2018
Etiquetas: Agregar Etiqueta
Sin Etiquetas, Sea el primero en etiquetar este registro!

MARC

LEADER 00000nbm a2200000 4500
001 0243537
005 20180925080947.9
041 0 |a slo 
044 |a SK 
245 1 0 |a Produkty s podielom na zisku životnej poisťovne  |b diplomová práca  |c Adriána Konrádová ; školiteľ: Katarína Sakálová 
264 1 |a Bratislava  |c 2018 
300 |a 62 s. 
100 1 |a Konrádová, Adriána 
700 1 |a Sakálová, Katarína, 1955- 
710 2 |a Fakulta hospodárskej informatiky EU. Katedra matematiky a aktuárstva